000 01078cam a2200253 4500
001 ABS65230
008 020403n2002 000 0 eng u
035 _a(Sirsi) u117332
100 _aHamson, L.
245 _aAll rise
260 _c2002
490 _aProperty Week
_v67(10) 15 March 2002, 32-34(3)
520 _aThree new reports from the British Council of Offices (BCO) investigate the economic case for tall buildings. One of the reports "Tall buildings in London: giving occupiers a voice" - the first research to ask occupiers what they want - argues that London must have skyscrapers if it is to maintain its position as a world-class capital city. The CO reports reveal that occupiers believe the best options are tall towers.The BCO is considering whether to lobby goverment to issue advice on towers.
590 _aABS
650 _aOCCUPIERS
650 _aBCO
650 _aTALL BUILDINGS
650 _aLONDON
650 _aSKYSCRAPERS
650 _aOCCUPANCY COSTS
650 _aRESEARCH
690 _aPROPERTY-COMMERCIAL PROPERTY
942 _n0
999 _c69901
_d69901